Ethics on the job: cases and strategies
Сохранить в:
| Главные авторы: | , |
|---|---|
| Формат: | |
| Язык: | английский |
| Опубликовано: |
Boston
Wadsworth
2014
|
| Редактирование: | 4a. ed |
| Предметы: | |
| Метки: |
Добавить метку
Нет меток, Требуется 1-ая метка записи!
|
MARC
| LEADER | 00000cam a2200000 a 4500 | ||
|---|---|---|---|
| 001 | UCE5609 | ||
| 003 | CL-VaPUC | ||
| 008 | 150123e20140000us |||||||||||||||||eng|d | ||
| 020 | |a 9781133934875 | ||
| 082 | 0 | 4 | |a 174 |b PFE |2 21 |
| 100 | 0 | |a Pfeiffer, Raymond S |e author |9 578268 | |
| 700 | 0 | |a Forsberg, Ralph P |e author |9 578269 | |
| 245 | 1 | 0 | |a Ethics on the job: cases and strategies |
| 250 | |a 4a. ed | ||
| 300 | |a 161 p | ||
| 942 | |c BK | ||
| 945 | |d 20150123 15:06:00 |a arojas | ||
| 260 | |a Boston |b Wadsworth |c 2014 | ||
| 650 | 7 | |a ETICA LABORAL |2 CL-VaPUC |9 351660 | |
| 650 | 0 | |a Estudio de casos |9 257099 | |
| 583 | |a last modification |c 20180306 10:14:52 |k Rodrigo Vera | ||
| 999 | |c 358270 |d 358268 | ||
| 952 | |0 0 |1 0 |2 ddc |3 erb |4 0 |6 174_000000000000000_PFE_2014 |7 0 |8 A |9 466883 |a BIBING |b BIBING |c RES |i 5136180 |o 174 PFE 2014 |p 5136180 |r 2025-01-20 |w 2019-11-23 |y BK |z Catalogado en:20150123 |k EII | ||